| 000 | 00604nam a22001817a 4500 | ||
|---|---|---|---|
| 999 |
_c168442 _d168442 |
||
| 005 | 20191009143738.0 | ||
| 010 | _aENG-126624 | ||
| 020 |
_a9789353285845 _c450.00 |
||
| 035 | _aEN-110156 | ||
| 037 | _bDBAD/PUB | ||
| 082 | _a621.435 | ||
| 100 | _aThomas, K.V. | ||
| 245 |
_aIsro misfired : _cby K.V.Thomas _bthe espionage case that shook India / |
||
| 260 |
_aNew Delhi _bSAGE Publications _c2019 |
||
| 270 |
_aB1/1-1, Mohan Cooperative Industrial Area _bMathura Road, Post Bag 7 _e110044 _mmarketing@sagepub.in |
||
| 300 |
_axviii,193p. _c22cm(pbk) |
||
| 942 |
_2ddc _cEN _h621.435 _mTHO |
||